Cheetah Negotiatons : (Record no. 2520)
[ view plain ]
| 000 -LEADER | |
|---|---|
| fixed length control field | 00942nac a22002411u 4500 |
| 020 ## - INTERNATIONAL STANDARD BOOK NUMBER | |
| International Standard Book Number | 0976174928 |
| 020 ## - INTERNATIONAL STANDARD BOOK NUMBER | |
| International Standard Book Number | 9780976174929 |
| 082 ## - DEWEY DECIMAL CLASSIFICATION NUMBER | |
| Classification number | 302.3 |
| Item number | L126 |
| 090 ## - LOCALLY ASSIGNED LC-TYPE CALL NUMBER (OCLC); LOCAL CALL NUMBER (OCLC) | |
| -- | 2520 |
| -- | 2520 |
| 100 ## - MAIN ENTRY--PERSONAL NAME | |
| Personal name | LaBrosse, PMP,Michelle |
| 245 ## - TITLE STATEMENT | |
| Title | Cheetah Negotiatons : |
| Remainder of title | How to get what you want, fast / |
| Statement of responsibility, etc | Michelle LaBrosse PMP, Linda Lansky PMP |
| 260 ## - PUBLICATION, DISTRIBUTION, ETC. (IMPRINT) | |
| Place of publication, distribution, etc | Carson City,NV. : |
| Name of publisher, distributor, etc | Maklaf press, |
| Date of publication, distribution, etc | 2005. |
| 300 ## - PHYSICAL DESCRIPTION | |
| Extent | xv,198p. : |
| Other physical details | ill. ; |
| Dimensions | 24 cm. |
| 440 ## - | |
| -- | Cheetah success series |
| -- | Book 2 |
| 500 ## - GENERAL NOTE | |
| General note | Shuaa. |
| 504 ## - BIBLIOGRAPHY, ETC. NOTE | |
| Bibliography, etc | Includes bibliographical references and index |
| 650 ## - SUBJECT ADDED ENTRY--TOPICAL TERM | |
| Topical term or geographic name as entry element | Negotiation |
| Form subdivision | handbooks,manuals,etc. |
| General subdivision | Psychoological aspects |
| 650 ## - SUBJECT ADDED ENTRY--TOPICAL TERM | |
| Topical term or geographic name as entry element | Negotiation in business |
| 650 ## - SUBJECT ADDED ENTRY--TOPICAL TERM | |
| Topical term or geographic name as entry element | Interpersonal communication |
| 700 ## - ADDED ENTRY--PERSONAL NAME | |
| Personal name | Lansky,PMP, Linda |
| 942 ## - ADDED ENTRY ELEMENTS (KOHA) | |
| Item type | Book - Borrowing |
| Call number prefix | 302.3 L126 |
| Withdrawn status | Item status | Damaged status | Not for loan | Home library | Current library | Shelving location | Date acquired | Source of acquisition | Total Checkouts | Full call number | Barcode | Date last seen | Date last borrowed | Koha item type |
|---|---|---|---|---|---|---|---|---|---|---|---|---|---|---|
| Central Library | Central Library | First floor | 19/04/2007 | Purchase | 5 | 302.3 LAB | 000001742 | 15/07/2025 | 15/02/2015 | Book - Borrowing |